Statistics for Northern Districts 2019 NZ Cricket Squad

Click here to take the quiz!

General Stats

  • This quiz has been taken 12 times
    (7 since last reset)
  • The average score is 15 of 16

Answer Stats

Potential BattingBowlingPlayer% Correct
OpenerPart-time MediumDean Brownlie
100%
Opener - Middle OrderSlow OrthodoxAnton Devcich
100%
Opener - Middle Order(Wicketkeeper)Tim Seifert
100%
#3 - OpenerOffbreakKane Williamson
100%
Middle OrderMediumDaryl Mitchell
100%
Middle Order - Opener(Wicketkeeper)BJ Watling
100%
Middle OrderSlow OrthodoxMitchell Santner
100%
Lower OrderLegbreakIsh Sodhi
100%
Lower OrderMedium FastTim Southee
100%
Lower OrderMedium FastNeil Wagner
100%
TailFast MediumTrent Boult
100%
Middle Order - OpenerPart-time SlowDaniel Flynn
80%
Middle OrderFast MediumColin de Grandhomme
80%
Lower OrderFast MediumScott Kuggeleijn
80%
Middle OrderMedium FastCorey Anderson
60%
TailLegbreakTarun Nethula
60%

Score Distribution

Percentile by Number Answered

Percent of People with Each Score

Your Score History

You have not taken this quiz since the last reset